000 00648nam a2200265Ia 4500
003 OSt
005 20221005093535.0
006 a|||||r|||| 00| 0
007 ta
008 221004b |||||||| |||| 00| 0 eng d
020 _a389 00138 4
024 _a35983
037 _cTextual
040 _aCRL
_cCRL
_beng
041 _2eng
_aeng
082 _aK, K4
100 _aAlexander Gordon
_9298041
245 0 _aGeneral zoology
250 _a5th
260 _aNewYork
_bBarnes & Nobel Inc. USA
_c1873
300 _a296p.
_ccm.
650 _aZOOLOGY
942 _hK, K4
_cTEXL
_2cc
999 _c1000560
_d1000560